000 01308nam0a2200325 4500
001 RU\NLR\ONL2\22850
005 20260406073155.0
010 _a978-5-298-02135-7
_91200
035 _a(NLR Aleph) 010209809
090 _a10269750
_c10269750
100 _a20120411d2011 |||y0rusy50 ca
101 0 _atat
102 _aRU
105 _ac |||||||||
200 1 _aЕллар кэрваны
_eшигырьлэр
_fФирузэ Жамалетдинова
210 _aКазан
_cТатар. кит. нэшр.
_d2011
215 _a287 б.
_cпортр.
_d17
300 _aПеред вып. дан. авт.: Замалетдинова Фирузя (Фатхутдинова Фирузя Исламовна).
541 1 _6z01790
_aКараван времени
_e[стихи].
_zrus
686 1 _aШ6(2=Тат)7-5
700 1 _4070
_8tat
_7ca
_aҖамалетдинова
_bФ.И.
_f1960-
_gФирүзә Ислам кызы
_3RU\NLR\auth-onl\771043
_9131098
790 1 _4070
_7ca
_8rus
_aЗамалетдинова
_bФ. И.
_f1960-
_gФируза Исламовна
_9185060
_3RU\NLR\AUTH\770185111
801 0 _aRU
_bNLR
_c20120411
_gPSBO
852 _aNLR
_jТатар./2-12455
_m39253
852 _aNLR
_bОНЛ
942 _cBOOK
980 _aNB
980 _aONL_RF